The economics of tropical farm management

Gorde:
Xehetasun bibliografikoak
Egile nagusia: J P Makeham
Formatua: Liburua
Hizkuntza:Undetermined
Argitaratua: London Cambridge University Press 1986
Gaiak:
Etiketak: Etiketa erantsi
Etiketarik gabe, Izan zaitez lehena erregistro honi etiketa jartzen!
Thư viện lưu trữ: Trung tâm Học liệu Trường Đại học Cần Thơ
LEADER 00548nam a2200181Ia 4500
001 CTU_30099
008 210402s9999 xx 000 0 und d
082 |a 630.681 
082 |b M235 
100 |a J P Makeham 
245 4 |a The economics of tropical farm management 
245 0 |c J P Makeham, L R Malcolm 
260 |a London 
260 |b Cambridge University Press 
260 |c 1986 
650 |a agriculture - tropics - finance,farm management - tropics 
904 |i Liên, 990302 
980 |a Trung tâm Học liệu Trường Đại học Cần Thơ